Southville International School and Colleges
Your cart is empty.
  • Cart
  • Lists
    Public lists Eva Luna New books Lux_list list_1
    Your lists Log in to create your own lists
  • Log in to your account
  • Your cookies
  • Search history
Southville International School and Colleges
  • Advanced search
  • Recent comments
  • Most popular
  • Libraries

Log in to your account

Log in with GOOGLE


If you do not have an external account, but do have a local account, you can still log in:

  1. Home
  2. MARC view: To give or not to give? Interactive effects of status and legitimacy on generosity.
Normal view MARC view ISBD view

To give or not to give? Interactive effects of status and legitimacy on generosity. (Record no. 329864)

[ view plain ]
MARC details
000 -LEADER
fixed length control field 00577nam a2200181Ia 4500
008 - FIXED-LENGTH DATA ELEMENTS--GENERAL INFORMATION
fixed length control field 170510s9999 xx 000 0 und d
100 ## - MAIN ENTRY--PERSONAL NAME
Personal name Hays, Nicholas A
245 ## - TITLE STATEMENT
Title To give or not to give? Interactive effects of status and legitimacy on generosity.
245 ## - TITLE STATEMENT
Statement of responsibility, etc Hays, Nicholas A.; Blader, Steven L.
260 ## - PUBLICATION, DISTRIBUTION, ETC. (IMPRINT)
Name of publisher, distributor, etc American Psychological Association
260 ## - PUBLICATION, DISTRIBUTION, ETC. (IMPRINT)
Date of publication, distribution, etc 2017
300 ## - PHYSICAL DESCRIPTION
Extent pages 17-38, January
440 ## - SERIES STATEMENT/ADDED ENTRY--TITLE
Title Journal of Personality and Social Psychology
Volume number/sequential designation 112:1
650 ## - SUBJECT ADDED ENTRY--TOPICAL TERM
Topical term or geographic name as entry element Equity
650 ## - SUBJECT ADDED ENTRY--TOPICAL TERM
Topical term or geographic name as entry element Generosity
650 ## - SUBJECT ADDED ENTRY--TOPICAL TERM
Topical term or geographic name as entry element Hierarchy
650 ## - SUBJECT ADDED ENTRY--TOPICAL TERM
Topical term or geographic name as entry element Legitimacy
Holdings
Withdrawn status Lost status Damaged status Home library Current library Date acquired Total Checkouts Date last seen Price effective from Koha item type
      College Library College Library 05/10/2017   05/10/2017 05/10/2017 Periodicals

To give or not to give? Interactive effects of status and legitimacy on generosity.

APA

Hays N. A., .To give or not to give? Interactive effects of status and legitimacy on generosity. : American Psychological Association.

Chicago

Hays Nicholas A, .To give or not to give? Interactive effects of status and legitimacy on generosity. : American Psychological Association.

Harvard

Hays N. A., .To give or not to give? Interactive effects of status and legitimacy on generosity. : American Psychological Association.

MLA

Hays Nicholas A, .: American Psychological Association. .

  • Place hold
  • Print
  • Cite
  • Add to your cart (remove)
  • Save record
    BIBTEX Dublin Core MARCXML MARC (non-Unicode/MARC-8) MARC (Unicode/UTF-8) MARC (Unicode/UTF-8, Standard) MODS (XML) RIS
  • More searches
    Search for this title in:
    Other Libraries (WorldCat) Other Databases (Google Scholar) Online Stores (Bookfinder.com) Open Library (openlibrary.org)

Exporting to Dublin Core...

SOUTHVILLE LIBRARY

Southville International School and Colleges Library

1281 Tropical Ave. Cor. Luxembourg St., BF Homes International, Las Pinas City

Tel. No. 8256374 / 252358 Loc. 117/146

Powered by Koha